000 01214nam a22002777a 4500
001 9201
003 FISKH
005 20251201094907.0
008 251201b cb ||||| |||| 00| 0 eng d
020 _a033500903069
040 _aFISKH
_beng
_cFISKH
_dFISKH
050 _aPZ7.M4786 C
082 _a813.54
100 _aMcGuire, Leslie
245 _aCircus mouse :
_bA merrigold press tell-a-tale book /
_cby Leslie McGuire ; illustrator by Daniel Horne
260 _aNew York :
_bMerrigold,
_c1986.
300 _a26 unnumbered pages :
_bcolor illustrations ;
_c16 cm
505 _aH
520 _aArthur, a small circus mouse, dreams of becoming a circus performer. Although the other animals insist he is too small to be seen in any act, Arthur refuses to give up. Through determination and creativity, he discovers a special role where his size becomes a strength, becoming the circus’s first mouse-elephant trainer. A story about perseverance, confidence, and finding your unique place.
521 8 _a430
_bLexile estimate
521 8 _aH
_bRaz-Plus
650 _aAnimals
_vFiction
_xCircus
_yPicture book
700 _aHorne, Daniel
_eillustrator
942 _2ddc
_cBK
_n0
999 _c9201
_d9201